000 00340nam a2200145Ia 4500
999 _c1157
_d1157
008 191201s2005 xx 000 0 und d
082 _a540
_bMUO
100 _aMukherji, S M,
245 0 _aOrganic Chemistry
250 _a2nd
260 _aN.Delhi
_bNewage International Pub
_c2005
300 _a457
650 _aApplied
942 _2ddc
_cBK